| 000 | 00429nam a22001577a 4500 | ||
|---|---|---|---|
| 003 | BD-DhUIB | ||
| 005 | 20251025183744.0 | ||
| 008 | 251025b |||||||| |||| 00| 0 eng d | ||
| 040 |
_aBD-DhUIB _cBD-DhUIB |
||
| 050 | _a315.49205 | ||
| 082 | _222 | ||
| 100 |
_aBangladesh buroue of statistics. _91048 |
||
| 245 |
_aStatistical year book of Bangladesh 2012/ _cby Bangladesh Buroue of statistics. |
||
| 526 | _aBBA. | ||
| 942 |
_2ddc _cBK |
||
| 999 |
_c609 _d609 |
||